000 00642nam a22001937a 4500
005 20221119120734.0
008 221119b ||||| |||| 00| 0 eng d
040 _cAL
041 _aHindi
082 _223
_aH891.4
_bSOMG
100 _aHimachal Soma हिमाचल सोम
_962826
245 _aGagananchal गगनांचल
260 _aNew Delhi
_bBharatiya Sanskritik Sambandh Parishad
_c1997
300 _axvi,432 p.
_bPB
_c24x15.5 cm.
440 _aVol 20 No 2-3 April-September 1997
_962827
650 _aHindi Language
_962828
700 _aSOMA (Himachal) सोम (हिमाचल)
_962829
942 _2ddc
_cGF
999 _c225227
_d225227